[Event "37th Reykjavik op"]
[Site "Reykjavik ISL"]
[Date "2024.03.16"]
[Round "3.19"]
[White "Omarsson, Josef"]
[Black "Maack, Kjartan"]
[WhiteElo "1803"]
[BlackElo "2102"]
[Result "1/2-1/2"]
[EventDate "2024.03.15"]
[PlyCount "69"]

1. d4 { [%eval 0.15] [%clk 1:30:54] } 1... d5 { [%eval 0.25] [%clk 1:30:48] } 2. c4 { [%eval 0.26] [%clk 1:31:02] } 2... e6 { [%eval 0.28] [%clk 1:31:12] } 3. Nc3 { [%eval 0.24] [%clk 1:31:04] } 3... c6 { [%eval 0.18] [%clk 1:31:33] } 4. e3 { [%eval 0.29] [%clk 1:30:54] } 4... f5 { [%eval 0.52] [%clk 1:30:19] } 5. Bd3 { [%eval 0.61] [%clk 1:30:43] } 5... Nf6 { [%eval 0.5] [%clk 1:30:36] } 6. Nge2 { [%eval 0.38] [%clk 1:30:39] } 6... Bd6 { [%eval 0.4] [%clk 1:27:04] } 7. O-O { [%eval 0.65] [%clk 1:30:10] } 7... O-O { [%eval 0.38] [%clk 1:26:15] } 8. Ng3 { [%eval 0.12] [%clk 1:21:11] } 8... Ne4 { [%eval 0.14] [%clk 1:23:00] } 9. c5?! { [%eval -0.42] } { Inaccuracy. Nge2 was best. } { [%clk 1:18:13] } (9. Nge2 Nd7 10. a4 Ndf6 11. f3 Nxc3 12. bxc3 Qc7 13. g3 e5 14. dxe5 Bxe5 15. cxd5 Nxd5) 9... Bc7 { [%eval -0.4] [%clk 1:20:03] } 10. f4 { [%eval -0.37] [%clk 1:16:42] } 10... b6 { [%eval -0.43] [%clk 1:13:31] } 11. Na4 { [%eval -0.77] [%clk 1:08:13] } 11... bxc5 { [%eval -0.56] [%clk 0:53:58] } 12. Bxe4 { [%eval -0.68] [%clk 1:08:22] } 12... fxe4 { [%eval -0.32] [%clk 0:49:34] } 13. Nxc5 { [%eval -0.31] [%clk 1:08:36] } 13... Na6 { [%eval -0.42] [%clk 0:49:39] } 14. Qc2 { [%eval -0.6] [%clk 1:08:17] } 14... Nxc5 { [%eval -0.54] [%clk 0:41:51] } 15. Qxc5 { [%eval -0.69] [%clk 1:08:26] } 15... Qd6 { [%eval -0.53] [%clk 0:41:11] } 16. Qxd6 { [%eval -0.53] [%clk 1:06:32] } 16... Bxd6 { [%eval -0.45] [%clk 0:41:39] } 17. Bd2 { [%eval -0.67] [%clk 1:06:52] } 17... c5?! { [%eval -0.09] } { Inaccuracy. Rb8 was best. } { [%clk 0:40:05] } (17... Rb8) 18. dxc5 { [%eval -0.19] [%clk 1:04:48] } 18... Bxc5 { [%eval -0.2] [%clk 0:40:14] } 19. Rfc1 { [%eval -0.44] [%clk 1:03:53] } 19... Bb6 { [%eval -0.4] [%clk 0:39:52] } 20. a4 { [%eval -0.55] [%clk 1:02:50] } 20... a5 { [%eval -0.7] [%clk 0:36:11] } 21. Rc6 { [%eval -0.96] [%clk 0:59:42] } 21... Rb8 { [%eval -0.75] [%clk 0:36:20] } 22. Ne2 { [%eval -0.68] [%clk 0:55:33] } 22... Bd7 { [%eval -0.75] [%clk 0:25:38] } 23. Rc2 { [%eval -1.15] [%clk 0:47:11] } 23... Rfc8?! { [%eval -0.19] } { Inaccuracy. g5 was best. } { [%clk 0:21:32] } (23... g5 24. fxg5 e5 25. Ng3 d4 26. Nf1 Rbc8 27. Rxc8 Rxc8 28. Rb1 Rc2 29. b4 axb4 30. Rxb4) 24. Rc3?! { [%eval -1.11] } { Inaccuracy. Rxc8+ was best. } { [%clk 0:42:25] } (24. Rxc8+) 24... Kf7?! { [%eval -0.49] } { Inaccuracy. Rxc3 was best. } { [%clk 0:19:18] } (24... Rxc3 25. bxc3) 25. Ra2? { [%eval -1.63] } { Mistake. Rxc8 was best. } { [%clk 0:35:19] } (25. Rxc8 Rxc8) 25... e5?! { [%eval -0.64] } { Inaccuracy. g5 was best. } { [%clk 0:11:01] } (25... g5 26. g3 gxf4 27. gxf4 Rxc3 28. bxc3 Bd8 29. Kf2 Rb1 30. c4 dxc4 31. Bc3 Bc6 32. Nd4) 26. fxe5 { [%eval -0.63] [%clk 0:34:27] } 26... Ke6?! { [%eval -0.04] } { Inaccuracy. Rxc3 was best. } { [%clk 0:11:20] } (26... Rxc3 27. bxc3 g5 28. h3 h5 29. c4 dxc4 30. Ng3 c3 31. Bxc3 Bxe3+ 32. Kf1 Bc6 33. Nf5) 27. Nd4+ { [%eval -0.37] [%clk 0:32:44] } 27... Kxe5 { [%eval -0.24] [%clk 0:11:28] } 28. Rxc8 { [%eval -0.36] [%clk 0:32:49] } 28... Rxc8 { [%eval -0.3] [%clk 0:09:48] } 29. Bc3 { [%eval -0.4] [%clk 0:33:07] } 29... Kd6 { [%eval -0.23] [%clk 0:09:49] } 30. Kf2 { [%eval -0.32] [%clk 0:31:35] } 30... Rc4 { [%eval -0.19] [%clk 0:05:18] } 31. Nb3 { [%eval -0.28] [%clk 0:27:27] } 31... Rxa4 { [%eval -0.03] [%clk 0:01:56] } 32. Rxa4 { [%eval -0.04] [%clk 0:27:11] } 32... Bxa4 { [%eval -0.03] [%clk 0:02:24] } 33. Nxa5 { [%eval -0.01] [%clk 0:27:19] } 33... g6 { [%eval -0.04] [%clk 0:01:19] } 34. b3 { [%eval 0.0] [%clk 0:27:04] } 34... Bd7 { [%eval -0.01] [%clk 0:00:59] } 35. b4 { [%eval -0.04] [%clk 0:27:14] } 1/2-1/2

[Event "37th Reykjavik op"]
[Site "Reykjavik ISL"]
[Date "2024.03.16"]
[Round "3.20"]
[White "Wong-Godfrey, Emerson P"]
[Black "Fossheim, Yngve"]
[WhiteElo "1799"]
[BlackElo "2090"]
[Result "1/2-1/2"]
[EventDate "2024.03.15"]
[PlyCount "111"]

1. e4 { [%eval 0.13] [%clk 1:30:52] } 1... c5 { [%eval 0.33] [%clk 1:30:56] } 2. c3 { [%eval 0.04] [%clk 1:31:15] } 2... d5 { [%eval 0.23] [%clk 1:29:49] } 3. exd5 { [%eval 0.17] [%clk 1:30:52] } 3... Qxd5 { [%eval 0.18] [%clk 1:30:12] } 4. d4 { [%eval 0.11] [%clk 1:31:17] } 4... Nc6 { [%eval 0.24] [%clk 1:30:23] } 5. Nf3 { [%eval 0.11] [%clk 1:31:36] } 5... Bg4 { [%eval 0.33] [%clk 1:30:49] } 6. Be2 { [%eval 0.31] [%clk 1:31:58] } 6... cxd4 { [%eval 0.27] [%clk 1:31:13] } 7. cxd4 { [%eval 0.13] [%clk 1:32:20] } 7... e6 { [%eval 0.27] [%clk 1:31:40] } 8. O-O { [%eval 0.26] [%clk 1:32:25] } 8... Nf6 { [%eval 0.23] [%clk 1:31:44] } 9. Nc3 { [%eval 0.23] [%clk 1:32:18] } 9... Qa5 { [%eval 0.2] [%clk 1:32:10] } 10. h3 { [%eval 0.2] [%clk 1:27:56] } 10... Bh5 { [%eval 0.26] [%clk 1:32:25] } 11. Bd2 { [%eval 0.09] [%clk 1:27:59] } 11... Bd6 { [%eval 0.2] [%clk 1:30:35] } 12. Rc1 { [%eval 0.35] [%clk 1:22:19] } 12... O-O { [%eval 0.64] [%clk 1:26:13] } 13. Ne4 { [%eval 0.62] [%clk 1:09:59] } 13... Qd8 { [%eval 1.0] [%clk 1:26:29] } 14. Nxf6+ { [%eval 0.99] [%clk 1:08:51] } 14... gxf6 { [%eval 1.09] [%clk 1:19:30] } 15. Bc3? { [%eval -0.05] } { Mistake. Bh6 was best. } { [%clk 0:55:53] } (15. Bh6) 15... Ne7 { [%eval 0.06] [%clk 1:19:08] } 16. Nh2 { [%eval 0.0] [%clk 0:48:22] } 16... Bxe2 { [%eval 0.02] [%clk 1:18:04] } 17. Qxe2 { [%eval 0.0] [%clk 0:48:50] } 17... Bxh2+ { [%eval 0.07] [%clk 1:18:16] } 18. Kxh2 { [%eval 0.07] [%clk 0:49:18] } 18... Nd5 { [%eval 0.12] [%clk 1:18:24] } 19. Bd2 { [%eval 0.08] [%clk 0:47:34] } 19... Qd6+ { [%eval 0.1] [%clk 1:18:18] } 20. g3 { [%eval 0.12] [%clk 0:42:45] } 20... Kh8 { [%eval 0.15] [%clk 1:16:53] } 21. Qh5 { [%eval 0.17] [%clk 0:39:02] } 21... Qd7 { [%eval 0.13] [%clk 1:15:34] } 22. Qf3 { [%eval 0.02] [%clk 0:35:07] } 22... Rg8 { [%eval 0.08] [%clk 1:09:33] } 23. Rc5 { [%eval 0.09] [%clk 0:32:17] } 23... Rg6 { [%eval 0.12] [%clk 1:06:31] } 24. Rfc1 { [%eval 0.12] [%clk 0:31:37] } 24... Rag8 { [%eval 0.25] [%clk 0:51:03] } 25. h4 { [%eval 0.0] [%clk 0:28:20] } 25... Qd6?! { [%eval 0.89] } { Inaccuracy. f5 was best. } { [%clk 0:47:58] } (25... f5) 26. h5 { [%eval 0.89] [%clk 0:25:27] } 26... Rg4 { [%eval 1.52] [%clk 0:45:43] } 27. Rc8? { [%eval 0.0] } { Mistake. Rc7 was best. } { [%clk 0:23:26] } (27. Rc7) 27... f5 { [%eval 0.0] [%clk 0:43:49] } 28. Bh6 { [%eval 0.0] [%clk 0:20:59] } 28... Qd7 { [%eval 0.0] [%clk 0:37:06] } 29. Rxg8+ { [%eval -0.02] [%clk 0:14:25] } 29... Rxg8 { [%eval -0.03] [%clk 0:36:20] } 30. Qe2 { [%eval -0.03] [%clk 0:12:55] } 30... Qd6?! { [%eval 0.89] } { Inaccuracy. f6 was best. } { [%clk 0:24:07] } (30... f6 31. Re1) 31. Qe5+ { [%eval 0.97] [%clk 0:09:46] } 31... Qxe5 { [%eval 0.8] [%clk 0:24:35] } 32. dxe5 { [%eval 0.82] [%clk 0:10:14] } 32... Re8 { [%eval 0.96] [%clk 0:22:30] } 33. Bg5?! { [%eval 0.24] } { Inaccuracy. f3 was best. } { [%clk 0:08:53] } (33. f3) 33... Kg7 { [%eval 0.15] [%clk 0:21:59] } 34. a4 { [%eval 0.06] [%clk 0:07:21] } 34... Rb8 { [%eval 0.05] [%clk 0:17:08] } 35. Kg2 { [%eval 0.0] [%clk 0:04:23] } 35... Kf8 { [%eval 0.24] [%clk 0:16:30] } 36. Kf3 { [%eval 0.13] [%clk 0:04:23] } 36... Ke8 { [%eval 0.26] [%clk 0:16:41] } 37. Be3 { [%eval 0.0] [%clk 0:01:48] } 37... a6 { [%eval 0.07] [%clk 0:15:17] } 38. a5 { [%eval 0.0] [%clk 0:01:27] } 38... Kd7 { [%eval 0.03] [%clk 0:15:27] } 39. Rc4 { [%eval 0.02] [%clk 0:00:36] } 39... Rc8 { [%eval 0.06] [%clk 0:14:44] } 40. Rxc8 { [%eval 0.21] [%clk 0:00:36] } 40... Kxc8 { [%eval 0.13] [%clk 0:15:12] } 41. Bd2 { [%eval 0.02] [%clk 0:27:28] } 41... Kd7 { [%eval 0.0] [%clk 0:42:36] } 42. g4 { [%eval 0.0] [%clk 0:25:17] } 42... f6 { [%eval 0.0] [%clk 0:16:04] } 43. gxf5 { [%eval 0.0] [%clk 0:19:43] } 43... exf5 { [%eval 0.0] [%clk 0:15:21] } 44. exf6 { [%eval 0.0] [%clk 0:19:33] } 44... Nxf6 { [%eval 0.0] [%clk 0:14:55] } 45. Kf4 { [%eval 0.0] [%clk 0:18:00] } 45... Ke6 { [%eval 0.0] [%clk 0:10:42] } 46. h6 { [%eval -0.05] [%clk 0:05:21] } 46... Ng4 { [%eval -0.09] [%clk 0:08:54] } 47. Kg3 { [%eval -0.02] [%clk 0:05:22] } 47... Kf6?? { [%eval 4.95] } { Blunder. Ne5 was best. } { [%clk 0:08:21] } (47... Ne5 48. Bc3 Nd7 49. Kf4 b6 50. axb6 Nxb6 51. Kg5 Nd5 52. Bg7 Nb4 53. Kf4 a5 54. Ke3) 48. f3 { [%eval 4.78] [%clk 0:04:50] } 48... Ne5 { [%eval 4.71] [%clk 0:08:25] } 49. Bc3 { [%eval 5.22] [%clk 0:04:08] } 49... Ke6 { [%eval 5.2] [%clk 0:08:51] } 50. Bxe5 { [%eval 4.96] [%clk 0:01:46] } 50... Kxe5 { [%eval 4.62] [%clk 0:09:16] } 51. b3 { [%eval 4.74] [%clk 0:01:59] } 51... Kf6 { [%eval 5.47] [%clk 0:02:22] } 52. Kf4 { [%eval 5.44] [%clk 0:02:09] } 52... Kg6 { [%eval 5.37] [%clk 0:02:38] } 53. Ke5 { [%eval 5.41] [%clk 0:01:50] } 53... Kxh6 { [%eval 5.41] [%clk 0:02:16] } 54. Kxf5 { [%eval 5.63] [%clk 0:01:12] } 54... Kg7 { [%eval 5.62] [%clk 0:02:04] } 55. Ke6 { [%eval 5.39] } 55... h5 { [%eval 5.55] } 56. Kf5 { [%eval 5.37] } 1/2-1/2

[Event "37th Reykjavik op"]
[Site "Reykjavik ISL"]
[Date "2024.03.16"]
[Round "3.21"]
[White "Harish, Neeraj"]
[Black "Hermannsson, Sigurbjorn"]
[WhiteElo "2090"]
[BlackElo "1791"]
[Result "1-0"]
[EventDate "2024.03.15"]
[PlyCount "95"]

1. e4 { [%eval 0.13] [%clk 1:30:54] } 1... c5 { [%eval 0.33] [%clk 1:30:59] } 2. Nf3 { [%eval 0.22] [%clk 1:30:51] } 2... d6 { [%eval 0.0] [%clk 1:31:23] } 3. d4 { [%eval 0.18] [%clk 1:30:57] } 3... cxd4 { [%eval 0.13] [%clk 1:31:50] } 4. Nxd4 { [%eval 0.27] [%clk 1:31:21] } 4... Nf6 { [%eval 0.3] [%clk 1:32:10] } 5. Nc3 { [%eval 0.21] [%clk 1:31:46] } 5... a6 { [%eval 0.24] [%clk 1:32:33] } 6. Bd3 { [%eval 0.24] [%clk 1:30:31] } 6... e5 { [%eval 0.21] [%clk 1:30:40] } 7. Nde2 { [%eval 0.18] [%clk 1:30:51] } 7... Be6 { [%eval 0.22] [%clk 1:27:12] } 8. O-O { [%eval 0.21] [%clk 1:26:51] } 8... h5 { [%eval 0.75] [%clk 1:23:20] } 9. f4 { [%eval 0.81] [%clk 1:23:07] } 9... Ng4?! { [%eval 1.63] } { Inaccuracy. Be7 was best. } { [%clk 1:20:54] } (9... Be7) 10. Qe1?! { [%eval 1.03] } { Inaccuracy. h3 was best. } { [%clk 1:18:39] } (10. h3 Nf6 11. f5 Bc8 12. Bg5 Be7 13. Bxf6 Bxf6 14. a4 Bd7 15. Kh1 Bc6 16. b4 O-O) 10... Be7 { [%eval 1.44] [%clk 1:17:32] } 11. f5 { [%eval 1.33] [%clk 1:13:13] } 11... Bd7 { [%eval 1.38] [%clk 1:13:18] } 12. Nd5 { [%eval 1.35] [%clk 1:12:16] } 12... Bc6 { [%eval 1.39] [%clk 1:13:21] } 13. Nec3 { [%eval 1.05] [%clk 1:11:04] } 13... Nd7 { [%eval 0.96] [%clk 1:13:04] } 14. a4 { [%eval 0.85] [%clk 1:02:06] } 14... Bxd5 { [%eval 0.91] [%clk 0:58:31] } 15. Nxd5 { [%eval 0.94] [%clk 1:02:24] } 15... Ndf6? { [%eval 2.17] } { Mistake. Ngf6 was best. } { [%clk 0:58:39] } (15... Ngf6) 16. Nxe7 { [%eval 2.12] [%clk 1:00:34] } 16... Qb6+ { [%eval 2.31] [%clk 0:58:24] } 17. Kh1 { [%eval 2.23] [%clk 1:00:25] } 17... Kxe7 { [%eval 2.32] [%clk 0:58:52] } 18. Bg5 { [%eval 2.2] [%clk 0:54:44] } 18... Rh7 { [%eval 2.79] [%clk 0:56:40] } 19. Ra3 { [%eval 2.66] [%clk 0:54:18] } 19... h4?! { [%eval 3.6] } { Inaccuracy. Ke8 was best. } { [%clk 0:55:32] } (19... Ke8 20. Rb3 Qa7 21. h3 Nd7 22. Qa5 Qc5 23. Qd2 Ngf6 24. Rxb7 Rh8 25. Rb4) 20. Rb3 { [%eval 3.56] [%clk 0:47:27] } 20... Qc6 { [%eval 3.56] [%clk 0:48:52] } 21. Qb4?! { [%eval 2.48] } { Inaccuracy. h3 was best. } { [%clk 0:38:48] } (21. h3 Rh5 22. Bc1 Nh6 23. Be2 Nhg8 24. Bxh5 Nxh5 25. Qxh4+ Ngf6 26. Bg5 Kd7 27. Kh2 Rc8) 21... Rb8?! { [%eval 3.78] } { Inaccuracy. Rh5 was best. } { [%clk 0:45:23] } (21... Rh5 22. Qxb7+) 22. Rc3 { [%eval 3.79] [%clk 0:33:31] } 22... Qd7 { [%eval 3.56] [%clk 0:43:25] } 23. Be2 { [%eval 3.18] [%clk 0:32:57] } 23... Kf8 { [%eval 3.77] [%clk 0:42:02] } 24. Bxf6?? { [%eval 1.55] } { Blunder. h3 was best. } { [%clk 0:31:21] } (24. h3 Rh5 25. Bc1 a5 26. Qb6 Nh6 27. Kh2 Kg8 28. Qxa5 Re8 29. Qb5 Qxb5 30. axb5 Ra8) 24... Nxf6 { [%eval 1.58] [%clk 0:42:13] } 25. Rd1 { [%eval 1.03] [%clk 0:29:34] } 25... Rd8 { [%eval 1.06] [%clk 0:42:04] } 26. Rcd3 { [%eval 1.05] [%clk 0:29:17] } 26... Ne8 { [%eval 1.09] [%clk 0:41:53] } 27. Rd5 { [%eval 0.78] [%clk 0:27:59] } 27... Rh6 { [%eval 1.16] [%clk 0:42:09] } 28. c4?! { [%eval 0.53] } { Inaccuracy. Rxe5 was best. } { [%clk 0:26:12] } (28. Rxe5 Qc7) 28... Qe7 { [%eval 0.54] [%clk 0:38:04] } 29. Qa3 { [%eval 0.46] [%clk 0:23:34] } 29... Kg8 { [%eval 0.65] [%clk 0:32:54] } 30. c5?! { [%eval 0.05] } { Inaccuracy. R5d2 was best. } { [%clk 0:21:41] } (30. R5d2 Rc8 31. a5 Qg5 32. Qf3 h3 33. g3 Qd8 34. Qb3 Qxa5 35. Qxb7 Rd8 36. g4 Qc5) 30... Qg5? { [%eval 1.42] } { Mistake. Nf6 was best. } { [%clk 0:31:52] } (30... Nf6 31. cxd6 Qe8 32. R5d3 Qc6 33. Bf3 Nxe4 34. Bxe4 Qxe4 35. h3 Rd7 36. Rd5 Qxf5 37. Qc5) 31. Qd3 { [%eval 1.42] [%clk 0:13:33] } 31... Nc7 { [%eval 1.38] [%clk 0:30:05] } 32. Rxd6? { [%eval 0.0] } { Mistake. Qd2 was best. } { [%clk 0:13:28] } (32. Qd2 Qxd2) 32... Rhxd6 { [%eval 0.0] [%clk 0:30:33] } 33. cxd6 { [%eval 0.0] [%clk 0:13:51] } 33... Ne8 { [%eval 0.0] [%clk 0:31:01] } 34. d7 { [%eval 0.0] [%clk 0:13:36] } 34... Nf6 { [%eval 0.0] [%clk 0:31:29] } 35. Qc4 { [%eval -0.13] [%clk 0:12:49] } 35... Nxd7?? { [%eval 3.38] } { Blunder. h3 was best. } { [%clk 0:29:08] } (35... h3 36. Bf3) 36. Qc7 { [%eval 3.33] [%clk 0:12:54] } 36... Qe7 { [%eval 3.37] [%clk 0:29:15] } 37. f6 { [%eval 3.46] [%clk 0:12:57] } 37... gxf6 { [%eval 3.68] [%clk 0:24:17] } 38. Bg4 { [%eval 3.38] [%clk 0:12:45] } 38... f5?! { [%eval 4.33] } { Inaccuracy. Kf8 was best. } { [%clk 0:23:08] } (38... Kf8 39. Bxd7 f5 40. exf5 e4 41. f6 Qxf6 42. Re1 Kg7 43. h3 e3 44. Bg4 Rd2 45. Bf3) 39. Bxf5 { [%eval 4.25] [%clk 0:12:39] } 39... Kh8 { [%eval 4.58] [%clk 0:20:38] } 40. Rxd7 { [%eval 4.56] [%clk 0:12:43] } 40... Rxd7 { [%eval 4.73] [%clk 0:21:05] } 41. Qxd7 { [%eval 4.72] [%clk 0:13:06] } 41... Qc5 { [%eval 5.83] [%clk 0:21:24] } 42. Qd8+ { [%eval 5.73] [%clk 0:13:08] } 42... Kg7 { [%eval 5.62] [%clk 0:21:43] } 43. Qg5+ { [%eval 5.97] [%clk 0:13:30] } 43... Kf8 { [%eval 5.86] [%clk 0:21:40] } 44. Qh6+ { [%eval 5.87] [%clk 0:13:54] } 44... Ke8 { [%eval 5.74] [%clk 0:21:17] } 45. Qh8+ { [%eval 5.68] [%clk 0:14:13] } 45... Ke7 { [%eval 5.95] [%clk 0:18:42] } 46. Qxh4+ { [%eval 5.8] [%clk 0:14:36] } 46... Ke8 { [%eval 5.66] [%clk 0:19:10] } 47. Qe1 { [%eval 5.24] [%clk 0:13:31] } 47... Qc2 { [%eval 5.49] [%clk 0:19:30] } 48. h4 { [%clk 0:13:50] } 1-0